El dinero

Salvato in:
Dettagli Bibliografici
Autore principale: Zola, Emile (Autore)
Natura: Libro
Lingua:spagnolo
Pubblicazione: Barcelona Lorenzana 1970
Edizione:2a. ed
Serie:Los Rougon-Macquart, 18
Soggetti:
Tags: Aggiungi Tag
Nessun Tag, puoi essere il primo ad aggiungerne!!

MARC

LEADER 00000nam a2200000 a 4500
001 UCQ4841
003 CL-VaPUC
008 980910e19700000SP |||||||||||||||||spa|d
082 0 4 |a 843  |b ZOL  |2 21 
100 0 |a Zola, Emile  |e author  |9 316220 
245 1 3 |a El dinero 
250 |a 2a. ed 
300 |a 476 p 
942 |c BK 
945 |d 19980910 00:00:00  |a crobeson 
260 |a Barcelona  |b Lorenzana  |c 1970 
650 0 |a Novela francesa  |9 264985 
650 0 |a Literatura francesa  |9 266330 
583 |a last modification  |c 19980910 00:00:00  |k Rodrigo Vera 
490 0 |a Los Rougon-Macquart, 18 
999 |c 275141  |d 275139 
952 |0 0  |1 0  |4 0  |6 843_000000000000000_ZOL_1970  |7 0  |8 A  |9 311696  |a BIBEDU  |b BIBEDU  |d 2019-11-20  |i 146616K  |o 843 ZOL 1970  |p 146616K  |r 2019-11-20  |w 2019-11-20  |y BK  |k LIT